Horae diurnae iuxta ritum sacri ordinis praedicatorum auctoritate apostolica approbatum reverendissimi in Christo patris Fr. Andreae Frühwirth ejusdem ordinis magistri generalis permissu editae

Detalles Bibliográficos
Autor Corporativo: Iglesia Católica
Formato: Libro
Lenguaje:Undetermined
Latin
Publicado: Romae : 1905
Materias:
Colección:Banco de datos
Acervo:Monasterio de Santa Catalina de Siena de la Orden de Santo Domingo de Puebla. Puebla
Descripción Física:XLIII, 648, 224 p. ; 12º
Tema general:Liturgia
LEADER 00791nam a2200169Ia 4500
008 150723s9999 xx 000 0 und d
041 0 |a lat 
110 1 |a Iglesia Católica 
245 1 0 |a Horae diurnae iuxta ritum sacri ordinis praedicatorum auctoritate apostolica approbatum reverendissimi in Christo patris Fr. Andreae Frühwirth ejusdem ordinis magistri generalis permissu editae  
260 |a Romae :   |b [sumptibus et typis Fr. Pustet],   |c 1905 
300 |a XLIII, 648, 224 p.   |b    |c  ; 12º 
501 |a 1 obra 
650 1 0 |a Liturgia  
949 |a Monasterio de Santa Catalina de Siena y Santa Ana del Convento de Dominicas del Estado de Puebla: 550A, 551A 
942 |c DOMPUE 
943 |g Monasterio de Santa Catalina de Siena de la Orden de Santo Domingo de Puebla. Puebla 
999 |c 1105237  |d 1105237